书目信息 |
| 题名: |
现代肝胆外科手术与微创应用
|
|
| 作者: | 栾绍海 主编 | |
| 分册: | ||
| 出版信息: | 北京 科学技术文献出版社 2018 |
|
| 页数: | 219页 | |
| 开本: | 29cm | |
| 丛书名: | ||
| 单 册: | ||
| 中图分类: | R657.3 , R657.4 | |
| 科图分类: | ||
| 主题词: | 肝疾病--外科手术 , 胆道疾病--外科手术 | |
| 电子资源: | ||
| ISBN: | 978-7-5189-4285-5 | |
| 000 | 00908nam0 2200253 450 | |
| 001 | 2356794927 | |
| 005 | 20231129154649.35 | |
| 010 | @a978-7-5189-4285-5@b精装@dCNY148.00 | |
| 100 | @a20181129d2018 em y0chiy50 ea | |
| 101 | 0 | @achi |
| 102 | @aCN@b110000 | |
| 105 | @aa z 000yy | |
| 200 | 1 | @a现代肝胆外科手术与微创应用@Axian dai gan dan wai ke shou shu yu wei chuang ying yong@f栾绍海[等]主编 |
| 210 | @a北京@c科学技术文献出版社@d2018 | |
| 215 | @a219页@c图@d29cm | |
| 304 | @a主编还有:毕建钢、牛剑祥、姬汉书、沈英俊 | |
| 330 | @a本书首先介绍肝胆外科的应用解剖、体格检查;然后介绍了肝胆外科疾病的诊治,涉及肝胆外科疾病、胆道外科疾病等,最后介绍肝脏外科微创、胆道外科微创等。 | |
| 606 | 0 | @a肝疾病@x外科手术 |
| 606 | 0 | @a胆道疾病@x外科手术 |
| 690 | @aR657.3@v5 | |
| 690 | @aR657.4@v5 | |
| 701 | 0 | @a栾绍海@Aluan shao hai@4主编 |
| 801 | 0 | @aCN@b山东中教@c20231126 |
| 905 | @aBZT@dR657.3@e5 | |
| 现代肝胆外科手术与微创应用/栾绍海[等]主编.-北京:科学技术文献出版社,2018 |
| 219页:图;29cm |
| ISBN 978-7-5189-4285-5(精装):CNY148.00 |
| 本书首先介绍肝胆外科的应用解剖、体格检查;然后介绍了肝胆外科疾病的诊治,涉及肝胆外科疾病、胆道外科疾病等,最后介绍肝脏外科微创、胆道外科微创等。 |
| ● |
| 相关链接 |
|
|
|
正题名:现代肝胆外科手术与微创应用
索取号:R657.3/5
 
预约/预借
| 序号 | 登录号 | 条形码 | 馆藏地/架位号 | 状态 | 备注 |
| 1 | 2001197108 | 2001197108 | 中教(第二批第二书库)/山东中教(第二批)/343/ [索取号:R657.3/5] | 在馆 | |
| 2 | 2001197109 | 2001197109 | 中教(第二批第二书库)/山东中教(第二批)/343/ [索取号:R657.3/5] | 在馆 | |
| 3 | 2001197110 | 2001197110 | 中教(第二批第二书库)/山东中教(第二批)/343/ [索取号:R657.3/5] | 在馆 | |
| 4 | 2001197111 | 2001197111 | 中教(第二批第二书库)/山东中教(第二批)/343/ [索取号:R657.3/5] | 在馆 | |
| 5 | 2001197112 | 2001197112 | 中教(第二批第二书库)/山东中教(第二批)/343/ [索取号:R657.3/5] | 在馆 | |
| 6 | 2001197113 | 2001197113 | 中教(第二批第二书库)/山东中教(第二批)/343/ [索取号:R657.3/5] | 在馆 | |
| 7 | 2001197114 | 2001197114 | 中教(第二批第二书库)/山东中教(第二批)/343/ [索取号:R657.3/5] | 在馆 | |
| 8 | 2001197115 | 2001197115 | 中教(第二批第二书库)/山东中教(第二批)/343/ [索取号:R657.3/5] | 在馆 | |
| 9 | 2001197116 | 2001197116 | 中教(第二批第二书库)/山东中教(第二批)/343/ [索取号:R657.3/5] | 在馆 | |
| 10 | 2001197117 | 2001197117 | 中教(第二批第二书库)/山东中教(第二批)/343/ [索取号:R657.3/5] | 在馆 | |
| 11 | 2001197118 | 2001197118 | 中教(第二批第二书库)/山东中教(第二批)/343/ [索取号:R657.3/5] | 在馆 | |
| 12 | 2001197119 | 2001197119 | 中教(第二批第二书库)/山东中教(第二批)/343/ [索取号:R657.3/5] | 在馆 | |
| 13 | 2001197120 | 2001197120 | 中教(第二批第二书库)/山东中教(第二批)/343/ [索取号:R657.3/5] | 在馆 | |
| 14 | 2001197121 | 2001197121 | 中教(第二批第二书库)/山东中教(第二批)/343/ [索取号:R657.3/5] | 在馆 | |
| 15 | 2001197122 | 2001197122 | 中教(第二批第二书库)/山东中教(第二批)/343/ [索取号:R657.3/5] | 在馆 | |
| 16 | 2001197123 | 2001197123 | 中教(第二批第二书库)/山东中教(第二批)/343/ [索取号:R657.3/5] | 在馆 | |
| 17 | 2001197124 | 2001197124 | 中教(第二批第二书库)/山东中教(第二批)/343/ [索取号:R657.3/5] | 在馆 | |
| 18 | 2001197125 | 2001197125 | 中教(第二批第二书库)/山东中教(第二批)/343/ [索取号:R657.3/5] | 在馆 | |
| 19 | 2001197126 | 2001197126 | 中教(第二批第二书库)/山东中教(第二批)/343/ [索取号:R657.3/5] | 在馆 | |
| 20 | 2001197127 | 2001197127 | 中教(第二批第二书库)/山东中教(第二批)/343/ [索取号:R657.3/5] | 在馆 | |
| 21 | 2001197128 | 2001197128 | 中教(第二批第二书库)/山东中教(第二批)/343/ [索取号:R657.3/5] | 在馆 | |
| 22 | 2001197129 | 2001197129 | 中教(第二批第二书库)/山东中教(第二批)/343/ [索取号:R657.3/5] | 在馆 | |
| 23 | 2001197130 | 2001197130 | 中教(第二批第二书库)/山东中教(第二批)/343/ [索取号:R657.3/5] | 在馆 | |
| 24 | 2001197131 | 2001197131 | 中教(第二批第二书库)/山东中教(第二批)/343/ [索取号:R657.3/5] | 在馆 | |
| 25 | 2001197132 | 2001197132 | 中教(第二批第二书库)/山东中教(第二批)/343/ [索取号:R657.3/5] | 在馆 | |
| 26 | 2001197133 | 2001197133 | 中教(第二批第二书库)/山东中教(第二批)/343/ [索取号:R657.3/5] | 在馆 | |
| 27 | 2001197134 | 2001197134 | 中教(第二批第二书库)/山东中教(第二批)/343/ [索取号:R657.3/5] | 在馆 | |
| 28 | 2001197135 | 2001197135 | 中教(第二批第二书库)/山东中教(第二批)/343/ [索取号:R657.3/5] | 在馆 | |
| 29 | 2001197136 | 2001197136 | 中教(第二批第二书库)/山东中教(第二批)/343/ [索取号:R657.3/5] | 在馆 | |
| 30 | 2001197137 | 2001197137 | 中教(第二批第二书库)/山东中教(第二批)/343/ [索取号:R657.3/5] | 在馆 |